| 000 | 00860cam a22002295a 4500 | ||
|---|---|---|---|
| 001 | L159733 | ||
| 008 | 150226s2017 xxk f 000 0 eng d | ||
| 035 | _a(Sirsi) u159733 | ||
| 041 | 0 | _aeng | |
| 100 | 1 |
_aHooper, Brendon _96168 |
|
| 245 | 0 | 4 | _aThe very best of health |
| 260 | _c2017 | ||
| 490 |
_aModus _vSeptember 2017, 34-35 (2) |
||
| 520 | _aSeven years in the making, Stockholm's New Karolinska Solna hospital has been designed to put the patient - and the plant first. The hospital has been buildt to meet both Swedish and LEED environmental standards, to a design that sets a new benchmark for a medical facility. | ||
| 590 | _aKA | ||
| 650 | 2 | 4 | _aHOSPITAL BUILDING |
| 650 | 2 | 4 | _aLEADERSHIP IN ENERGY AND ENVIRONMENTAL DESIGN |
| 650 | 2 | 4 | _aHEALTHCARE SECTOR |
| 651 | 4 | _aSweden | |
| 690 | _aBUILDING AND CONSTRUCTION-PROJECTS | ||
| 942 | _n0 | ||
| 999 |
_c84944 _d84944 |
||